New Zealand All Blacks Rugby 2018 Debuts - Statistics

General Stats
  • This quiz has been taken 34 times
  • The average score is 5 of 11
Answer Stats
Tests Played in 2018 Player % Correct
1 George Bridge
70%
4 Shannon Frizell
63%
3 Angus Ta'avao
56%
13 Karl Tu'inukuafe
56%
1 Matt Proctor
56%
3 Te Toiroa Tahuriorangi
56%
1 Brett Cameron
44%
2 Dalton Papalii
41%
1 Gareth Evans
37%
3 Jackson Hemopo
37%
1 Tyrel Lomax
15%
No matching quizzes found
Score Distribution
Percent of People with Each Score
Percentile by Number Answered
Your Score History
You have not taken this quiz